Quizzes
Events
Quiz Creation
Community
Videos
Private Events
Remove Ads
Sign In
Join for FREE
Feedback
Dark Mode
Quiz Categories
Sports
Geography
Music
Movies
Television
Just For Fun
Miscellaneous
History
Literature
Language
Science
Gaming
Entertainment
Religion
Holiday
For Kids
Quiz Lab
Recent
Popular Today
Quiz Kudos Today
Editor Picks
Curator Picks
Quizzes by...
Day
Popularity
Type
Ratings
Length
Year
Community
Subscriptions
Recent Discussions
Orange Saloon
Badges
Playlists
Quests
Create
Leaderboards
Showdown
Live 5
Trivia Bingo
Activity
Puzzle Library
Sporcle Events
Private Events
Virtual Trivia
Globe League
Become a Host
Pub Owners
SporcleCon
Opinionation
Our Games
Videos
Blog
Mobile Apps
Partnerships
Remove Ads and Go Orange
Feedback
Music
Pop Music
The Beatles
Song
Album
Lyrics
Bands
Singers
Artist
Clip
Rock
Rap
Classical
Billboard
Country Music
Kpop
Taylor Swift
Music
Pop Music
The Beatles
Song
Album
Lyrics
Bands
Singers
Artist
Clip
Rock
Rap
Classical
Billboard
Country Music
Kpop
Taylor Swift
Random Quiz
Search Sporcle
×
Quiz Lab
Quiz Lab
Music
Artist
Type in answers that appear in a list
Type in answers that appear in a list
Classic
Best Score? Go Orange.
Rihanna's Hot 100 entries as a leading artist Stats
Can you name the Rihanna's Hot 100 entries as a leading artist?
By
19jaspersg
10m
41 Questions
87 Plays
87 Plays
87 Plays
Comments
Comments
Give Quiz Kudos
Give Quiz Kudos
-
- Ratings
hide this ad
Replay
Link that replays current quiz
Next Quiz
Link to next quiz in quiz playlist
You Got
0%
They Got
Avg Score
62%
Avg Friend Score
Upgrade to see
Score Distribution
Jump to the score distribution portion of the page
Score
0/41
Timer
10:00
0
Plays Today
Hint
Answer
% Correct
2006
SOS
88.5%
2007
Umbrella
88.5%
2016
Work
88.5%
2005
Pon de Replay
86.2%
2008
Disturbia
83.9%
2012
Diamonds
83.9%
2010
Rude Boy
82.8%
2011
We Found Love
79.3%
2008
Take A Bow
75.9%
2007
Shut Up And Drive
74.7%
2010
What's My Name?
74.7%
2011
S&M
74.7%
2006
Unfaithful
72.4%
2013
Stay
70.1%
2012
Where Have You Been
69%
2015
Bitch Better Have My Money
69%
2016
Love On The Brain
69%
2016
Needed Me
69%
2009
Russian Roulette
67.8%
2011
California King Bed
66.7%
2008
Don't Stop The Music
65.5%
Hint
Answer
% Correct
2010
Only Girl (In The World)
63.2%
2009
Rehab
62.1%
2010
Hard
62.1%
2016
Kiss It Better
60.9%
2013
Pour It Up
57.5%
2007
Hate That I Love You
55.2%
2011
You Da One
52.9%
2012
Birthday Cake
50.6%
2015
FourFiveSeconds
50.6%
2011
Man Down
49.4%
2013
Right Now
49.4%
2005
If It's Lovin' That You Want
48.3%
2013
What Now
48.3%
2015
American Oxygen
47.1%
2011
Cheers (Drink To That)
44.8%
2011
Talk That Talk
44.8%
2010
Rockstar 101
41.4%
2016
Sex With Me
41.4%
2013
Loveeeeeee Song
29.9%
2010
Redemption Song
11.5%
Quiz Playlist
Details
Report
Send in Message
Add To Playlist
Classic:
Type in answers that appear in a list
Last Updated: Feb 16, 2017
Quiz Scoreboard
CHALLENGE
Sign Up to Join the Scoreboard
Show All
Scores
Hide
Comments
May contain spoilers
Recently Published
9x9 Crossword: Cartoon Network
by jackfrog10
Miscellaneous
3m
College Basketball Coaching Resumes
by pancakes188
Sports
9m
Billboard Blitz: Fleetwood Mac
by CooCooCachoo
Music
15s
More to Explore
Quiz From the Vault
Featured Blog Post
Where Did the Easter Bunny Come From?
hide this ad
You Might Also Like...
Tags
Artist Quiz
100
Entry
hot
Hot 100
Leading
rihanna
Today's Top Quizzes in Music
Browse Music
hide this ad
Today's Top Quizzes in Artist
Browse Artist
Top Contributed Quizzes in Music
1
Taylor Swift All Songs (2024)
2
Guess the Artist- 70s Songs
3
7-to-1: Billboard Hot 100 #1 Hits of 2010s
4
Sorting Albums and Songs
5
Taylor Swift Logic Puzzle
6
KPOP LOGIC QUIZ
7
Guess the Taylor Swift song (Mystery Song)
8
Guess The Taylor Swift Lyrics Song #1
9
Billboard Blitz: ABBA
10
One Thing in Common: Music
Explore More
Trending Topics
NBA
Anime
Marvel
Kpop
Disney
Harry Potter
Crossword
NFL
Soccer
The Office
Puzzle
WWE
Pokémon
Song
Country
hide this ad
More By:
19jaspersg
Quiz
Plays
Rating
Category
Featured
Created
Rihanna's Hot 100 entries as a leading artist
87
4.50
Music
Sep 5, 2016
Go to Creator's Profile
Score Distribution
Quiz Creator Spotlight
19jaspersg
Follow
Send a Message
Quizzes Created
-
Created Quiz Play Count
-
More By This Creator
Popular Quizzes Today
1
Find the US States - No Outlines Minefield
2
Find the Countries of Europe - No Outlines Minefield
3
The Countries of the World
4
Find the US States
5
Risky Map Clicking: Biggest States A-Z
6
US States
7
Popular People in 1961
8
Movies - When Are They Set?
More Music Quizzes
R.E.M. Albums
Published
Trending Quizzes
Risky Map Clicking: Least Populous States A-Z
1-10 Letter G Words
1-10 Letter F Words
Risky Map Clicking: Next State Alphabetically
Adjectives in 80s TV Shows
Recently Updated
Leaping Animals
pecheneg
Reality TV Shows (A-Z)
bhenderson79
Rickey Henderson's Hall of Fame Teammates
pecheneg
Champions League XIs: Arsenal
pecheneg
Quick Pick: Celebrities in WWE's Hall of Fame
aduchscher
A-Z Keypad Blitz II
pecheneg
Multiple Oscar Actors
pecheneg
Mystery Phrase Blitz: Oscar 'Best Actors'
pecheneg
F. Scott Fitzgerald Novels
LTH
Pick 3 Villains
ddd62291
Trending Topics
Harry Potter
Crossword
Kpop
Anime
Marvel
Disney
NBA
The Office
Soccer
Song
Pokémon
WWE
Country
NFL
Puzzle
Your Account Isn't Verified!
In order to create a playlist on Sporcle, you need to verify the email address you used during registration. Go to your
Sporcle Settings
to finish the process.
Report this User
Report this user for behavior that violates our
Community Guidelines
.
Details:
Send Report
Go to the Sporcle.com Mobile Site →
Comments